Nome completo dos países da Europa central - Statistics

Estatísticas Gerais
  • Esse quiz foi jogado 15 vezes
  • A pontuação média é 32 de 38
Estatísticas das Respostas
País Nome completo % Correto
Alemanha Alemanha
93%
Áustria Áustria
93%
Croácia Croácia
93%
Eslovênia Eslovênia
93%
Estônia Estônia
93%
Hungria Hungria
93%
Liechtenstein Liechtenstein
93%
Luxemburgo Luxemburgo
93%
Alemanha República
93%
Tcheca República
93%
Áustria República
93%
Eslovênia República
93%
Croácia República
93%
Eslováquia República
93%
Polônia República
93%
Lituânia República
93%
Letônia República
93%
Estônia República
93%
Suíça Suíça
93%
Alemanha Da
86%
Áustria Da
86%
Eslovênia Da
86%
Croácia Da
86%
Polônia Da
86%
Lituânia Da
86%
Letônia Da
86%
Estônia Da
86%
Letônia Letônia
86%
Lituânia Lituânia
86%
Polônia Polônia
86%
Tcheca Tcheca
86%
Liechtenstein De
79%
Lexemburgo Do
79%
Eslováquia Eslovaca
79%
Liechtenstein Principado
71%
Alemanha Federal
64%
Suíça Confederação
29%
Luxemburgo Grão-ducado
14%
Nenhum quiz correspondente encontrado
Distribuição das Pontuações
Porcentagem de Pessoas com Cada Pontuação
Percentil de Números Respondidos
Sua Pontuação Histórica
Você não jogou esse quiz